Sprachen - 10 größte germanische Sprachen - Statistiken

Allgemein
  • Dieses Quiz wurde 416 mal gespielt
    414 seit der letzten Aktualisierung
  • Das Durchschnittsergebnis liegt bei 6 aus 10
Antwortstatistiken
# Sprache % Korrekt
100 mil. Deutsch
99%
360-400 mil. Englisch
91%
23 mil. Niederländisch
81%
9,2 mil. Schwedisch
80%
5,5 mil. Dänisch
79%
5 mil. Norwegisch
79%
7,1 mil. Afrikaans
24%
6,7 mil. Plattdeutsch
20%
1.5 mil. Jiddisch
14%
1.5 mil. Scottisch
5%
Keine übereinstimmenden Quizze gefunden
Verteilung der Resultate
Anzahl Personen mit jedem Resultat
Perzentil nach korrekt beantworteten Fragen
Ihre Resultats-Entwicklung
Sie haben dieses Quiz seit der letzten Aktualisierung nicht gespielt